| 000 | 00267 a2200109 4500 | ||
|---|---|---|---|
| 999 |
_c243382 _d243382 |
||
| 001 | 8309 | ||
| 003 | NUST | ||
| 005 | 20180118185349.0 | ||
| 008 | 180118b xxu||||| |||| 00| 0 eng d | ||
| 082 | _a799.2 LOC | ||
| 100 |
_aLocke, A _98969 |
||
| 245 |
_aThe tigers of trengganu (Transfered to SOA) _hEnglish |
||
| 260 |
_bMuseum _a1954 |
||
| 942 |
_aNUST-CAE _cBK _cBK _k799.2 LOC _2ddc |
||